Top 10 Countries With The Most Disc Golf Courses - Statistics

General Stats
  • This quiz has been taken 92 times
  • The average score is 9 of 10
Answer Stats
# Country % Correct
9,454 United States
100%
732 Canada
95%
236 Germany
95%
1,003 Finland
94%
514 Norway
94%
622 Sweden
94%
146 France
82%
142 Denmark
80%
189 Estonia
77%
144 Czech Republic
46%
No matching quizzes found
Score Distribution
Percent of People with Each Score
Percentile by Number Answered
Your Score History
You have not taken this quiz